Top 85 Animals by Image - Statistics

General Stats
  • This quiz has been taken 126 times
  • The average score is 53 of 85
Answer Stats
Picture Hint Answer % Correct
Dog
100%
Cow
98%
Horse
98%
Cat
97%
Tiger
97%
Bear
96%
Lion
96%
Donkey
95%
Elephant
95%
L*****d Leopard
95%
Crocodile
94%
J****r Jaguar
94%
P*****r Panther
94%
Turtle
94%
C*****h Cheetah
91%
Rabbit
91%
Pigeon
85%
Dolphin
83%
Frog
82%
Eagle
79%
Crow
78%
Alligator
77%
Fox
77%
Lynx
77%
Whale
77%
Fish
76%
Hen
76%
Goat
75%
Giraffe
72%
Snake
72%
Bat
71%
Camel
71%
Monkey
71%
D**r Deer
68%
Gorilla
68%
Hare
68%
Wolf
68%
Ostrich
66%
Koala
65%
Kangaroo
63%
L****d Lizard
63%
Armadillo
61%
Emu
61%
Hammerhead shark
60%
Chimpanzee
59%
Orangutan
59%
Zebra
59%
E** Elk
58%
Jellyfish
58%
C*******n Chameleon
57%
Beaver
56%
I****a Iguana
55%
Hippopotamus
53%
Llama
53%
Baboon
52%
Mouse
52%
Sheep
52%
Flamingo
49%
Hamster
49%
Owl
48%
Eel
47%
Hedgehog
47%
A******e Antelope
46%
Duck
44%
Meerkat
44%
Swan
44%
Otter
43%
Peacock
43%
Sloth
43%
Bison
42%
Rhinoceros
42%
Hawk
41%
Lemur
41%
Mammoth
40%
Racoon
40%
Albatross
37%
Goose
37%
Porcupine
37%
Vulture
36%
Boar
35%
Buffalo
35%
Possum
26%
Jackal
23%
Bull
21%
Flying squirrel
5%
No matching quizzes found
Score Distribution
Percent of People with Each Score
Percentile by Number Answered
Your Score History
You have not taken this quiz